All Journey Songs - Statistics

General Stats
  • This quiz has been taken 55 times
  • The average score is 34 of 183
Answer Stats
Album Song % Correct
E5C4P3 Don't Stop Believin'
91%
Frontiers Separate Ways (Worlds Apart)
73%
Infinity Wheel in the Sky
71%
Look into the Future Anyway
67%
Evolution Lovin', Touchin', Squeezin'
64%
Departure Any Way You Want It
62%
E5C4P3 Open Arms
62%
Frontiers Faithfully
60%
Infinity Lights
56%
E5C4P3 Stone in Love
51%
E5C4P3 Escape
49%
Raised on Radio I'll Be Alright Without You
44%
Raised on Radio Raised on Radio
44%
Raised on Radio Girl Can't Help It
42%
Frontiers Only the Young
42%
E5C4P3 Who's Crying Now
42%
Frontiers Ask the Lonely
38%
Frontiers Frontiers
38%
Raised on Radio Be Good to Yourself
36%
Frontiers Chain Reaction
36%
E5C4P3 Mother, Father
36%
Frontiers Send Her My Love
36%
Revelation The Journey (Revelation)
36%
Captured The Party's Over (Hopelessly in Love)
36%
Frontiers After the Fall
31%
Departure Departure
31%
Infinity Feeling That Way
31%
Time3 Velvet Curtain / Feeling That Way
31%
Infinity Anytime
29%
E5C4P3 Still They Ride
29%
Evolution Just the Same Way
27%
Next Next
27%
Infinity Patiently
27%
Trial by Fire Trial by Fire
27%
Trial by Fire When You Love a Woman
27%
E5C4P3 Keep On Runnin'
24%
Look into the Future Look into the Future
24%
Frontiers Rubicon
24%
Raised on Radio Suzanne
24%
Raised on Radio The Eyes of a Woman
24%
Frontiers Troubled Child
24%
Revelation After All These Years
22%
Arrival All the Way
22%
Evolution City of the Angels
22%
E5C4P3 Dead or Alive
22%
Frontiers Edge of the Blade
22%
Red 13 Intro: Red 13 / State of Grace
22%
Departure Line of Fire
22%
Trial by Fire Message of Love
22%
Raised on Radio Positive Touch
22%
Evolution Sweet and Simple
22%
Departure Walks Like a Lady
22%
Raised on Radio Happy to Give
20%
Evolution Majestic
20%
Departure Stay Awhile
20%
Raised on Radio Why Can't This Night Go on Forever
20%
Infinity Winds of March
20%
Frontiers Back Talk
18%
Evolution Daydream
18%
Raised on Radio It Could Have Been You
18%
Evolution Lady Luck
18%
Dream, After Dream Little Girl
18%
Evolution Lovin' You Is Easy
18%
Revelation Never Walk Away
18%
Departure Someday Soon
18%
Infinity Somethin' to Hide
18%
Red 13 The Time
18%
Evolution Too Late
18%
Evolution Do You Recall
16%
Departure Good Morning Girl
16%
Arrival Higher Place
16%
Trial by Fire If He Should Break Your Heart
16%
Departure I'm Cryin'
16%
Infinity Lă Do Dā
16%
E5C4P3 Lay It Down
16%
Frontiers Liberty
16%
Arrival Loved by You
16%
Journey Of a Lifetime
16%
Raised on Radio Once You Love Somebody
16%
Next People
16%
Departure People and Places
16%
Eclipse Tantra
16%
Evolution When You're Alone (It Ain't Easy)
16%
Eclipse City of Hope
13%
Generations | Revelation Faith in the Heartland
13%
Next Hustler
13%
Journey In My Lonely Feeling / Conversations
13%
Journey In the Morning Day
13%
Journey Kohoutek
13%
E5C4P3 La Raza del Sol
13%
Dream, After Dream Moon Theme
13%
Departure Natural Thing
13%
Next Nickel and Dime
13%
Trial by Fire One More
13%
Arrival Signs of Life
13%
Trial by Fire Still She Cries
13%
Journey To Play Some Music
13%
Departure Where Were You
13%
Look into the Future You're on Your Own
13%
Time3 All That Really Matters
11%
Infinity Can Do
11%
Trial by Fire Can't Tame the Lion
11%
Trial by Fire Castles Burning
11%
Eclipse Chain of Love
11%
Revelation Change for the Better
11%
Trial by Fire Colors of the Spirit
11%
Time3 Cookie Duster
11%
Time3 For You
11%
Generations Gone Crazy
11%
Next Here We Are
11%
Look into the Future I'm Gonna Leave You
11%
Look into the Future It's All Too Much
11%
Next I Would Find You
11%
Next Karma
11%
Look into the Future Midnight Dreamer
11%
Journey Mystery Mountain
11%
Generations Never Too Late
11%
Look into the Future On a Saturday Nite
11%
Frontiers Only Solutions
11%
Infinity Opened the Door
11%
Departure Precious Time
11%
Eclipse Ritual
11%
Look into the Future She Makes Me (Feel Alright)
11%
Next Spaceman
11%
Dream, After Dream The Rape
11%
Journey Topaz
11%
Eclipse Venus
11%
Trial by Fire When I Think of You
11%
Dream, After Dream When the Love Has Gone
11%
Generations A Better Life
9%
Dream, After Dream A Few Coins
9%
Generations Believe
9%
Dream, After Dream Destiny
9%
Eclipse Edge of the Moment
9%
Generations Every Generation
9%
Trial by Fire Forever in Blue
9%
Time3 Good Times
9%
Generations In Self-Defense
9%
Trial by Fire It's Just the Rain
9%
Live in Houston 1981: The Escape Tour Jonathan Cain Piano Solo
9%
Arrival Kiss Me Softly
9%
Generations Knowing That You Love Me
9%
Arrival Live and Breathe
9%
Arrival Livin' to Do
9%
Live in Houston 1981: The Escape Tour Neal Schon Guitar Solo
9%
Dream, After Dream Sandcastles
9%
Eclipse Someone
9%
Live in Houston 1981: The Escape Tour Steve Smith Drum Solo
9%
Eclipse To Whom It May Concern
9%
Revelation Where Did I Lose Your Love
9%
Arrival With Your Love
9%
Generations Better Together
7%
Generations Beyond the Clouds
7%
Generations Butterfly (She Flies Alone)
7%
Trial by Fire Don't Be Down on Me Baby
7%
Trial by Fire Easy to Fall
7%
Dream, After Dream Festival Dance
7%
Eclipse Human Feel
7%
Arrival Lifetime of Dreams
7%
Generations Out of Harms Way
7%
Eclipse Resonate
7%
Eclipse She's a Mystery
7%
Dream, After Dream Snow Theme
7%
Generations | Revelation The Place in Your Heart
7%
Arrival We Will Meet Again
7%
Revelation What I Needed
7%
Revelation Wildest Dream
7%
Arrival World Gone Wild
7%
Arrival All the Things
4%
Eclipse Anything Is Possible
4%
Trial by Fire Baby I'm a Leavin' You
4%
Red 13 I Can Breathe
4%
Arrival I Got a Reason
4%
Revelation Let It Take You Back
4%
Revelation Like a Sunflower
4%
Arrival Nothin' Comes Close
4%
Generations Pride of the Family
4%
Arrival To Be Alive Again
4%
Red 13 Walkin' Away from the Edge
4%
Departure Homemade Lovers
0%
Trial by Fire I Can't See It in Your Eyes
0%
No matching quizzes found
Score Distribution
Percent of People with Each Score
Percentile by Number Answered
Your Score History
You have not taken this quiz